000 00746nam a2200277 i 4500
001 C2-0266132
003 PPAK
005 20180727233833.0
008 050718s1990 nyua|||| ||||| | eng d
020 _a0679808485
040 _aPPAK
_beng
_cPPAK
_erda
082 0 4 _a428.6
_223
090 0 0 _a428.6
_bBER
_dK
100 1 _aBerenstain, Stan,
_eauthor
245 1 0 _aTrouble with pets
264 1 _aNew York :
_bRandom House ,
_c1990
300 _a[30 pages] :
_bcolour illustrations ;
_c20 cm
336 _2rdacontent
_atext
337 _2rdamedia
_aunmediated
338 _2rdacarrier
_avolume
490 1 _aThe Berenstain Bears
650 1 0 _aReaders - Fiction.
700 _eauthor
830 0 _aThe Berenstain Bears
942 _ddc
_cB
999 _c75488
_d75488